| 000 | 00981nam a22002655a 4500 | ||
|---|---|---|---|
| 005 | 20160321135501.0 | ||
| 008 | 160321r20101973ii a frb 001 0 eng d | ||
| 020 | _a978818844992X | ||
| 040 |
_aEG-ScBUE _beng _cEG-ScBUE |
||
| 082 | 0 | 4 |
_a615.19 _bPUR _222 |
| 100 | 1 |
_aPurcell, William P. _939614 |
|
| 245 | 1 | 0 |
_aStrategy of drug design : _ba guide to biological activity / _cWillim P. Purcell, George E. Bass, John M. Clayton. |
| 250 | _aIndian reprinted ed. | ||
| 260 |
_aHyderabad : _bPharmaMed Press / Pharma Book Syndicate, _c2010. |
||
| 300 |
_avii, 194 p. : _bill. ; _c24 cm. |
||
| 500 | _aOriginally published by Wiley-Interscience Publication, 1973. | ||
| 500 | _aReprint of the 1973 ed. | ||
| 504 | _aIncludes bibliographical references and indexes. | ||
| 650 | 0 |
_aDrugs _xStructure-activity relationships _xMathematical models. _2BUEsh |
|
| 651 | _2BUEsh | ||
| 653 |
_bPPhrm _cMarch2016 |
||
| 700 | 1 | _aBass, George E. | |
| 700 | 1 | _aClayton, John M. | |
| 942 | _2ddc | ||
| 999 |
_c21464 _d21436 |
||